| 000 | 01221cam a22003011 4500 | ||
|---|---|---|---|
| 001 | sa 68004641 | ||
| 003 | DLC | ||
| 005 | 20260227112502.0 | ||
| 008 | 711028s1967 ii b 00010 eng | ||
| 010 | _asa 68004641 //r863 | ||
| 025 | _aPL480:I-E-9639 | ||
| 041 | 1 | _aengfre | |
| 050 | 0 |
_aPK3791.A57 _bP713 |
|
| 082 | _a294.3 | ||
| 100 | 1 | 0 |
_aPrzyluski, Jean, _d1885-1944. |
| 240 | 1 | 0 |
_aLégende de l'empereur Acoka (Acoka-avadana) dans les textes indiens et chinois. _lEnglish |
| 245 | 1 | 4 |
_aThe legend of Emperor Aśoka in Indian and Chinese texts _c[by] J. Przyluski. Translated from the French with additional notes and comments by Dilip Kumar Biswas. |
| 250 | _a[1st ed.] | ||
| 260 | 0 |
_aCalcutta, _bFirma K. L. Mukhopadhyay, _c1967. |
|
| 300 |
_aviii, 252 p. _c22 cm. |
||
| 350 | _aRs15 | ||
| 500 | _aTranslation of La légende de l'empereur Açoka (Açoka-avadāna) dans les textes indiens et chinois. | ||
| 504 | _aBibliography: p. [231]-236. | ||
| 630 | 0 |
_aTripiṭaka. _pSūtrapiṭaka. _pAvadāna. _pAśokāvadāna. |
|
| 730 | 0 | 1 |
_aTripiṭaka. _pSūtrapiṭaka. _pAvadāna. |
| 730 | 2 | _aAśokavadāna. Chinese version (A yü weng chʻuan) English. 1967. | |
| 700 | 1 | 1 |
_aBiswas, Dilip Kumar, _eed. and tr. |
| 999 |
_c80252 _d80252 |
||